000 00607nam a22001817a 4500
005 20251108164856.0
008 250721s9999 xx 000 0 ara d
082 1 4 _a641.5/هيف
100 1 _aالربيعي، هيفاء عبد العزيز
245 1 0 _aفن الطبخ العراقي و مختارات من الطبخ العربي و العالمي /
264 1 _aبغداد :
_bدار واسط للدراسات و النشر و التوزيع،
_c[19-].
300 _a130ص
650 1 7 _aالطبخ
650 1 7 _aالأغذية
650 1 7 _aالسكاكر
942 _2ddc
_cBK
999 _c16428
_d16428